000 01028nab a22002417a 4500
999 _c6229
_d6229
003 OSt
005 20260126025104.0
008 190514b xxu||||| |||| 00| 0 spa d
040 _cPJ
100 _94891
_aBellotti San Martín, Lucas
245 1 3 _aLos jueces y la selección de la persona de apoyo :
_b¿qué prioridad? /
_cLucas Bellotti San Martin.
300 _ap. 80-87
500 _aCita: TR LALEY AR/DOC/2672/2024.
505 _aSumario: I. El caso.— II. La cuestión en segunda instancia.— III. Conclusión.
505 _tFallo comentado: CCiv. y Com., Necochea ~ 22/02/2024 ~ V. A. L. M. s/ determinación de la capacidad jurídica.
650 0 _9967
_aDERECHO DE FAMILIA
650 0 _91146
_aJUECES
650 0 _92170
_aFACULTADES DEL JUEZ
650 0 _92342
_aCAPACIDAD
650 0 _91057
_aJURISPRUDENCIA APLICABLE
773 0 _02844
_93222
_dBuenos Aires : AbeledoPerrot, 1989-
_tDerecho de familia. Revista Interdisciplinaria de doctrina y jurisprudencia. Diciembre 2024-VI.
_z18511201
942 _2udc
_cANA